Yüklüyor......

Nematology : fundamentals and recent advances with emphasis on plant parasitic and soil forms

Detaylı Bibliyografya
Yazar: Jenkins, W R
Diğer Yazarlar: Sasser, J N
Materyal Türü: Printed Book
Dil:Undetermined
English
Baskı/Yayın Bilgisi: Newdelhi Eurasia Publishing House Private Limited 1960
Konular:
LEADER 00672nam a2200181Ia 4500
008 140306s9999 xx 000 0 und d
041 |a eng 
082 |a 595.182  |b SAS 
100 |a Jenkins, W R 
245 |a Nematology : fundamentals and recent advances with emphasis on plant parasitic and soil forms 
260 |a Newdelhi  |b Eurasia Publishing House Private Limited  |c 1960 
300 |a 469 
650 |a nematode control 
650 |a Nematodes morphology and anatomy  
700 |a Sasser, J N 
942 |2 ddc  |c BK 
999 |c 52360  |d 52360 
952 |0 0  |1 0  |2 ddc  |4 0  |6 595_182000000000000_SAS  |7 0  |9 68683  |a KAUACV  |b KAUACV  |d 2004-05-06  |o 595.182 SAS  |p KAU_ACV-16546  |r 2014-03-22  |w 2014-03-22  |y BK